000 00521nam a2200205 a 4500
999 _c6637
_d6637
001 6637
003 BD-JhCC
005 20180305190136.0
008 180127s1964 ii |||| |||| 000 0 eng d
035 _a(BD-JhCC)
040 _aBD-JhCC
_dBD-JhCC
041 _aeng
082 _a534
_bMAN 1964
100 _aMandal, T. M.
245 _aA text-book of sound for three year degree course /
_cT. M. Mandal
260 _aIndia:
_bScience Book Agency;
_c1964
300 _a203 p;,
_c18 cm
650 _aSound
942 _2ddc
_cBK